| 000 | 00000nam##2200000za#4500 |
| 001 | 9.571307 |
| 003 | CaOODSP |
| 005 | 20210624182648 |
| 007 | cr ||||||||||| |
| 008 | 150406|1998||||xxc|||||o f|0| 0 eng|d |
| 040 | |aCaOODSP|beng |
| 043 | |an-cn--- |
| 086 | 1 |aTU3-5/98-23E-PDF |
| 110 | 2 |aTransportation Safety Board of Canada. |
| 245 | 10|aTail rotor pitch link failure, Helijet Airways Inc., Sikorsky S-76A(helicopter) C-GHJL, Vancouver, British Columbia 17 June 1998 |h[electronic resource] |
| 260 | |aGatineau - Quebec : |bTransportation Safety Board of Canada |c[1999]. |
| 300 | |a6p. |
| 490 | 1 |aAviation investigation report |vA98P0156 |
| 590 | |a12-08-Supp|b2012-03-16 |
| 775 | 08|tRupture d'une biellette de pas de rotor de queue, Helijet Airways Inc., Sikorsky S-76A (Hélicoptère) C-GHJL, Vancouver (Colombie-Britannique), 17 juin 1998 |w(CaOODSP)9.601923 |
| 830 | #0|aAviation investigation report ;|vA98P0156|w(CaOODSP)9.504825 |
| 856 | 40|ahttp://publications.gc.ca|qPDF|s73 KB|uhttps://publications.gc.ca/collections/collection_2011/bst-tsb/TU3-5-98-23-eng.pdf|yA98P0156 |